000 00299nam a2200121Ia 4500
008 191201s2015 xx 000 0 und d
100 _aVERMA,Shalini
245 0 _aTechnical Communication for Engineers
260 _aN. Delhi
_bVikas Pub
_c2015
300 _aNULL
650 _aApplied
942 _2ddc
_cBK
999 _c481
_d481